Parques de Sevilla - Estadísticas

Estadísticas generales
  • Esta prueba ha sido intentada 76 veces
  • La puntuación promedio es 11 de 39
Estadísticas de respuestas
Imagen Hint Respuesta % Correcto
El Porvenir Parque de María Luisa
91%
La Cartuja Parque del Alamillo
72%
Los Remedios Parque de los Príncipes
71%
Cerro-Amate Parque Amate
60%
Polígono Norte Parque Miraflores
59%
Casco Histórico Jardines de Murillo
52%
La Buhaira Jardines de la Buhaira
50%
Triana Parque Vega de Triana
47%
La Cartuja Parque Magallanes
45%
Casco Histórico Prado de San Sebastián
45%
La Macarena Parque de los Perdigones
40%
Casco Histórico Jardines Cristina
38%
Sevilla Este Parque Infanta Elena
36%
San Jerónimo Parque de San Jerónimo
34%
Sevilla Este Parque del Tamarguillo
33%
Polígono Sur - Bermejales Parque del Río Guadaíra
24%
La Oliva Parque José Celestino Mutis
24%
Polígono Sur Jardines del Guadaíra
22%
Nervión Parque Federico García Lorca
21%
Pío XII Parque Pío XII
21%
Santa Clara Parque de Santa Clara
19%
Casco Histórico Jardines de Chapina
17%
Bellavista Jardines de Hércules
17%
Los Bermejales Parque de Los Bermejales
17%
Palmete Parque Polígono El Pino
17%
La Cartuja Jardín Americano
14%
El Porvenir Jardines de las Delicias
14%
San Diego Parque de San Diego
14%
Torreblanca Parque de Torreblanca
12%
Pino Montano Jardines Nuevo Torneo
10%
Torneo (Juan Carlos I) Parque de los Descubrimientos
10%
Los Bermejales Parque de Paseo de Europa
5%
Pino Montano Parque Higuerón Sur
5%
Macarena Parque Plaza del Olivo
3%
Los Remedios Jardines Manuel Ferrand
2%
Pino Montano Parque de Despeñaperros
2%
Heliópolis Parque Doctor Rodríguez Sacristán
2%
Carretera de Carmona Parque José Pizarro
0%
Macarena Parque Manuel Garrido
0%
No se encontraron pruebas coincidentes
Distribución de puntuación
Porcentaje de gente con cada puntuación
Porcentaje por número respondido
Historial de tus puntuaciones
No has intentado esta prueba.